Statistics for 歌詞に「ひゃくまん」を含むミリオンライブ楽曲

Click here to take the quiz!

General Stats

  • This quiz has been taken 12 times
    (11 since last reset)
  • The average score is 9 of 15

Answer Stats

曲名当該歌詞% Correct
UNION!!流した汗と涙が"ひゃくまんパワー" アコガレだって超えられる
100%
Brand New Theater!あふれだすパワー(ひゃくまんパワー!) それは絆 キミと
91%
Flyers!!!飛び立つよ!"ひゃくまん"の想いのせて あなたへ 届けたい歌がある
91%
REFRAIN REL@TION100万回だってリフレインしてく リレーションのバトンが繋ぐ胸の熱い感情
91%
Crossing!それぞれの歌声あわせ ひゃくまんパワー X-クロス-してくメロディライン響けば
82%
Harmony 4 YouSparking Light! (Million Stars!) Hearty Song! Yes,All 4 You!!
82%
Do the IDOL!! ~断崖絶壁チュパカブラ~いつでもDo the IDOL!! ひゃくまんの(ステージへ!)
64%
合言葉はスタートアップ!We are LEGEND DAYS! Looking for MILLIONSTARS!
55%
聖ミリオン女学園校歌共に いのちを歌って 百万の夢 今咲かせよ 聖ミリオン女学園
45%
アイドルステアウェイ「届けたい」 100万の鼓動 容易くない夢と知った アイドルステアウェイ
45%
MY STYLE! OUR STYLE!!!!バラバラな個性が 一つにまとまれば 1かける5は ミリオン!
45%
Like twinkling STARS今 100万の光に まけない 希望になる この夜を駆けてこう 始まるSpark!
36%
SING MY SONG百万の輝きへ、眩しい星の様な 想いを込めて…響かせたいから
36%
ピコピコIIKO! インベーダーひゃくまんコウネンはなれてても ダイジなことはかわらないんだ
27%
チョー↑元気Show☆アイドルch@ng!『MILLION』狙っていきます! いっせ~の! みなさん一緒に!
27%

Score Distribution

Percentile by Number Answered

Percent of People with Each Score

Your Score History

You have not taken this quiz since the last reset